000 00271nam a2200097Ia 4500
082 _aJ 778.53 SPIL
245 0 _aOn the film set
100 _a SPILSBURY, Richard Chicago, Ill., [c.2009] 1st ed
_991294
942 _cBK
008 210817s9999 xx 000 0 und d
999 _c368107
_d368106